000
00215nam a2200097Ia 4500
008
220204s9999 xx 000 0 und d
082
_a
82-3
_b
CAL
100
_a
Caldwell, Taylor
245
0
_a
Wickeg angel
942
_c
BK
999
_c
31009
_d
31009